000 00378nam a22001457a 4500
008 230926b |||||||| |||| 00| 0 eng d
082 _a105.32
100 _aKeith & Steven Brain
245 _aArtificial Intelligence On The BBC
_cKeith & Steven Brain
260 _aDelhi
_bBPB
_c1986
300 _a115
650 _aBB CSE
796 _aKeith & Steven Brain
942 _2ddc
_cBK
999 _c20242
_d20242